Do any of these countries border each other? #1 - Statistics

General Stats
  • This quiz has been taken 121 times
  • The average score is 6 of 8
Answer Stats
Hint Explanation Answer % Correct
Uzbekistan - Georgia - Kuwait - Greece - Uganda - Benin - Malta - Spain No
86%
Paraguay - Senegal - Chile - Cuba - Cameroon - Colombia - Belize - Costa Rica No
84%
Malaysia - Sri Lanka - Tajikistan - North Korea - Brunei - Bhutan - Somalia - Eritrea Malaysia and Brunei Yes
80%
Germany - Liechtenstein - Ireland - Italy - Armenia - Tunisia - Slovenia - Romania Italy and Slovenia Yes
75%
Guinea-Bissau - Ivory Coast - Togo - Brazil - Egypt - Algeria - Rwanda - Ecuador No
66%
Argentina - Nicaragua - Guyana - Panama - Barbados - Peru - Venezuela - Mexico Guyana and Venezuela Yes
66%
South Africa - Morocco - Tanzania - Republic of the Congo - Chad - Israel - Liberia - Cape Verde No
65%
Portugal - Mauritania - Yemen - Mongolia - Botswana - Nepal - Uruguay - Mali Mauretania and Mali Yes
65%
No matching quizzes found
Score Distribution
Percent of People with Each Score
Percentile by Number Answered
Your Score History
You have not taken this quiz